[Event "Baden-Baden op"]
[Site "Baden-Baden"]
[Date "2024.02.09"]
[Round "1"]
[White "Bellahcene, Bilel"]
[Black "Scholz, Florian"]
[Result "1-0"]
[WhiteElo "2516"]
[BlackElo "1859"]
[PlyCount "39"]
[EventDate "2024.02.09"]
[EventType "swiss"]
[EventRounds "9"]
[EventCountry "GER"]
[SourceTitle "CB08_2024"]
[SourceDate "2024.02.21"]
[SourceVersion "1"]
[SourceVersionDate "2024.02.21"]
[SourceQuality "1"]

1. e4 c6 2. d4 d5 3. e5 c5 4. dxc5 Nc6 5. Nf3 Bg4 6. c3 e6 7. Be3 Bxf3 8. Qxf3 Nxe5 9. Bb5+ Nc6 10. c4 Nf6 11. Nc3 Be7 12. 0-0-0 a6 13. cxd5 exd5 14. Nxd5 Qa5 15. Bxc6+ bxc6 16. Nxf6+ Kf8 17. Nd7+ Kg8 18. Qxc6 Rd8 19. Nb6 h6 20. Qa4 1-0

[Event "GER-ch Net Amateur Gr-A Vor2"]
[Site "Playchess.com INT"]
[Date "2020.04.15"]
[Round "2"]
[White "Boder, Jan"]
[Black "Scholz, Florian"]
[Result "1-0"]
[WhiteElo "1932"]
[BlackElo "1791"]
[PlyCount "35"]
[EventDate "2020.04.15"]
[EventType "swiss (blitz)"]
[EventRounds "9"]
[EventCountry "GER"]
[SourceTitle "CBM 196 Extra"]
[Source "ChessBase"]
[SourceDate "2020.07.31"]
[SourceVersion "1"]
[SourceVersionDate "2020.07.31"]
[SourceQuality "1"]

1. b3 e5 2. Bb2 Nc6 3. e3 d5 4. Bb5 Bd6 5. f4 Qf6 6. Nf3 Bg4 7. fxe5 Bxe5 8. Bxe5 Bxf3 9. Bxf6 Bxd1 10. Bxg7 Bxc2 11. Bxh8 f6 12. Bxc6+ bxc6 13. 0-0 Kf7 14. Na3 Bg6 15. Rf2 Re8 16. Raf1 Re6 17. g4 Bc2 18. Nxc2 1-0

[Event "GER-ch Net Amateur Gr-A Vor1"]
[Site "Playchess.com INT"]
[Date "2020.04.14"]
[Round "5"]
[White "Namyslo, Holger"]
[Black "Scholz, Florian"]
[Result "0-1"]
[WhiteElo "1971"]
[BlackElo "1801"]
[PlyCount "96"]
[EventDate "2020.04.14"]
[EventType "swiss (blitz)"]
[EventRounds "9"]
[EventCountry "GER"]
[SourceTitle "EXT 2021"]
[Source "ChessBase"]
[SourceDate "2020.10.23"]
[SourceVersion "1"]
[SourceVersionDate "2020.10.23"]
[SourceQuality "1"]

1. e4 e5 2. Nf3 Nf6 3. Nxe5 d6 4. Nf3 Nxe4 5. Nc3 Nxc3 6. dxc3 Nc6 7. Bf4 Be7 8. Bd3 Be6 9. Qd2 Qd7 10. a3 h6 11. h4 Bf6 12. 0-0-0 0-0-0 13. Rhe1 Rhe8 14. Bb5 Bg4 15. Rxe8 Rxe8 16. Re1 Rxe1+ 17. Nxe1 Bxh4 18. f3 Be6 19. Bd3 Ne5 20. Bf1 Qc6 21. Nd3 Nc4 22. Qe2 a5 23. g4 Qb6 24. Qe4 Qg1 25. Qe2 Qb6 26. Qe4 Bf6 27. Bg3 Qg1 28. Qe1 Bg5+ 29. Kb1 Nd2+ 30. Ka1 Qxf1 31. Qxf1 Nxf1 32. Bf2 Nd2 33. f4 Bf6 34. f5 Bd5 35. Nf4 Bc6 36. Nh5 Be5 37. Be3 Nc4 38. Bc1 d5 39. b3 Nd6 40. f6 Bxc3+ 41. Ka2 g6 42. Ng3 Bxf6 43. Bxh6 Ne4 44. Ne2 Nc3+ 45. Nxc3 Bxc3 46. b4 axb4 47. Kb3 Bd2 48. axb4 Bxh6 0-1

[Event "GER-ch Net Amateur Gr-A Vor1"]
[Site "Playchess.com INT"]
[Date "2020.04.14"]
[Round "7"]
[White "Scholz, Florian"]
[Black "Beesk, Kevin"]
[Result "0-1"]
[WhiteElo "1818"]
[BlackElo "1781"]
[PlyCount "116"]
[EventDate "2020.04.14"]
[EventType "swiss (blitz)"]
[EventRounds "9"]
[EventCountry "GER"]
[SourceTitle "EXT 2021"]
[Source "ChessBase"]
[SourceDate "2020.10.23"]
[SourceVersion "1"]
[SourceVersionDate "2020.10.23"]
[SourceQuality "1"]

1. d4 Nf6 2. c4 c5 3. d5 b5 4. cxb5 a6 5. b6 d6 6. Nc3 Nbd7 7. e4 Rb8 8. Bd3 g6 9. Qe2 Qxb6 10. Na4 Qb4+ 11. Nc3 Bg7 12. Nf3 0-0 13. 0-0 Qb6 14. Rb1 Ng4 15. Na4 Qa7 16. b3 Nge5 17. Bb2 Nxf3+ 18. Qxf3 Ne5 19. Qe2 Bg4 20. Qc2 Bd7 21. Nc3 Rb4 22. Rfe1 Rfb8 23. Bf1 R4b7 24. h3 Bb5 25. Rbd1 Bxf1 26. Rxf1 a5 27. Na4 Rb4 28. Rde1 c4 29. Bxe5 cxb3 30. axb3 Bxe5 31. Rb1 Qb7 32. Rfc1 Rxb3 33. Rxb3 Qxb3 34. Qc7 Qb7 35. Qxb7 Rxb7 36. Nc3 Rc7 37. Ne2 Rxc1+ 38. Nxc1 a4 39. Na2 e6 40. Kf1 f5 41. dxe6 Kf8 42. exf5 gxf5 43. Ke2 Ke7 44. Kd3 Kxe6 45. Kc4 a3 46. Kb3 Bb2 47. Nb4 d5 48. Nd3 d4 49. Nxb2 axb2 50. Kxb2 Kd5 51. Kc2 Kc4 52. Kd2 d3 53. f3 f4 54. Kd1 Kc3 55. Kc1 d2+ 56. Kd1 Kd3 57. h4 h5 58. g3 fxg3 0-1

[Event "GER-ch Net Amateur Gr-A Vor1"]
[Site "Playchess.com INT"]
[Date "2020.04.14"]
[Round "4"]
[White "Scholz, Florian"]
[Black "Krieger, Markus"]
[Result "1-0"]
[WhiteElo "1792"]
[BlackElo "1620"]
[PlyCount "65"]
[EventDate "2020.04.14"]
[EventType "swiss (blitz)"]
[EventRounds "9"]
[EventCountry "GER"]
[SourceTitle "EXT 2021"]
[Source "ChessBase"]
[SourceDate "2020.10.23"]
[SourceVersion "1"]
[SourceVersionDate "2020.10.23"]
[SourceQuality "1"]

1. d4 d5 2. c4 c6 3. e3 Nf6 4. Nc3 e6 5. Nf3 Be7 6. Bd3 0-0 7. 0-0 Nbd7 8. Ne5 Nxe5 9. dxe5 Nd7 10. f4 f6 11. cxd5 exd5 12. Qh5 g6 13. Bxg6 hxg6 14. Qxg6+ Kh8 15. Rf3 Nxe5 16. Qh6+ Kg8 17. fxe5 Kf7 18. Qh5+ Ke6 19. Qf5+ Kf7 20. Qh7+ Ke6 21. Ne2 fxe5 22. Qg6+ Rf6 23. Rxf6+ Bxf6 24. Bd2 Bd7 25. Ng3 Kd6 26. Rf1 Qb6 27. Qxf6+ Kc5 28. Rc1+ Kb5 29. Qxe5 Ka6 30. Rc3 Re8 31. Ra3+ Kb5 32. Rb3+ Ka4 33. Qf4+ 1-0

[Event "GER-ch Net blitz qual4"]
[Site "Playchess.com INT"]
[Date "2020.03.23"]
[Round "3"]
[White "Heiligtag, Matthias"]
[Black "Scholz, Florian"]
[Result "1-0"]
[WhiteElo "1451"]
[BlackElo "1799"]
[PlyCount "121"]
[EventDate "2020.03.23"]
[EventType "swiss (blitz)"]
[EventRounds "9"]
[EventCountry "GER"]
[SourceTitle "CBM 195 Extra"]
[Source "ChessBase"]
[SourceDate "2020.05.31"]
[SourceVersion "1"]
[SourceVersionDate "2020.05.31"]
[SourceQuality "1"]

1. e4 e5 2. Nf3 Nf6 3. Nxe5 d6 4. Nf3 Nxe4 5. Nc3 Nxc3 6. dxc3 Be7 7. Be2 Nc6 8. 0-0 0-0 9. Be3 Re8 10. Re1 Bf5 11. Bb5 a6 12. Ba4 b5 13. Bb3 Na5 14. Bg5 Nxb3 15. cxb3 f6 16. Bh4 Bg6 17. Re3 Bf8 18. Rxe8 Bxe8 19. Qd5+ Bf7 20. Qd3 Qd7 21. Re1 Re8 22. Rxe8 Qxe8 23. h3 g5 24. Bg3 Bg7 25. Nd4 Bg6 26. Qe3 Qd7 27. Qe6+ Qxe6 28. Nxe6 f5 29. Nxc7 f4 30. Bh2 Bb1 31. a4 bxa4 32. bxa4 Bc2 33. Nxa6 Bxa4 34. g3 Be5 35. gxf4 gxf4 36. Kg2 Bb5 37. Nb4 Kg7 38. Kf3 Bd7 39. Bxf4 Bxf4 40. Kxf4 Bxh3 41. Ke4 Bg2+ 42. f3 h5 43. Kf4 h4 44. Kg4 h3 45. Kg3 Kf6 46. Nd3 Bf1 47. Nf2 Kf5 48. Nxh3 Bc4 49. Nf4 Bb3 50. Nd3 Bc2 51. Nb4 Bb1 52. Kf2 Ke5 53. Ke3 Bf5 54. f4+ Ke6 55. Kd4 Bh3 56. c4 Kf5 57. Kd5 Bf1 58. Kxd6 Bxc4 59. Kc5 Bb3 60. Nd3 Bc2 61. Kd4 1-0

[Event "GER-ch Net blitz qual4"]
[Site "Playchess.com INT"]
[Date "2020.03.23"]
[Round "4"]
[White "Scholz, Florian"]
[Black "Winkler, Andreas1111"]
[Result "1-0"]
[WhiteElo "1799"]
[BlackElo "1433"]
[PlyCount "101"]
[EventDate "2020.03.23"]
[EventType "swiss (blitz)"]
[EventRounds "9"]
[EventCountry "GER"]
[SourceTitle "CBM 195 Extra"]
[Source "ChessBase"]
[SourceDate "2020.05.31"]
[SourceVersion "1"]
[SourceVersionDate "2020.05.31"]
[SourceQuality "1"]

1. d4 d5 2. c4 dxc4 3. Nf3 Nf6 4. Nc3 e6 5. e3 Be7 6. Bxc4 0-0 7. 0-0 Nbd7 8. Bd2 Nb6 9. Bb3 Bd7 10. Ne5 Bc6 11. Nxc6 bxc6 12. f4 Nbd5 13. Rf3 Nxc3 14. Bxc3 Nd5 15. Bd2 Bb4 16. Bxd5 Bxd2 17. Bxc6 Bxe3+ 18. Rxe3 Rb8 19. b3 Rb6 20. Be4 f5 21. Bf3 Qf6 22. Rc1 Rd6 23. Re5 Rfd8 24. Rc4 h6 25. g3 Kh7 26. Qd3 c6 27. Qe3 g6 28. Bxc6 h5 29. Bf3 Kh6 30. h4 Qf7 31. Rec5 R8d7 32. Qe5 Qe7 33. Qh8+ Qh7 34. Qxh7+ Kxh7 35. Rc7 Kh6 36. Rxd7 Rxd7 37. Kf2 Rd6 38. Ke3 a6 39. Rc7 a5 40. Rc6 Rd7 41. Rxe6 Rc7 42. Rc6 Ra7 43. d5 a4 44. b4 Re7+ 45. Kd3 Re1 46. d6 Rg1 47. d7 Rxg3 48. Ke2 Rh3 49. d8Q Rh2+ 50. Ke3 Rxa2 51. Qh8# 1-0

[Event "GER-ch Net blitz qual4"]
[Site "Playchess.com INT"]
[Date "2020.03.23"]
[Round "6"]
[White "Suvorov, Luca"]
[Black "Scholz, Florian"]
[Result "1-0"]
[WhiteElo "2279"]
[BlackElo "1799"]
[PlyCount "79"]
[EventDate "2020.03.23"]
[EventType "swiss (blitz)"]
[EventRounds "9"]
[EventCountry "GER"]
[SourceTitle "CBM 195 Extra"]
[Source "ChessBase"]
[SourceDate "2020.05.31"]
[SourceVersion "1"]
[SourceVersionDate "2020.05.31"]
[SourceQuality "1"]

1. d4 Nf6 2. c4 c5 3. d5 e6 4. Nc3 exd5 5. cxd5 d6 6. Bf4 a6 7. a4 g6 8. Nf3 Bg7 9. e3 0-0 10. h3 Re8 11. Be2 Bf5 12. 0-0 Ne4 13. Rc1 Qc7 14. Nd2 Nxc3 15. bxc3 Nd7 16. g4 g5 17. Bxg5 Bg6 18. Bf4 Ne5 19. Bg3 Nd3 20. Bxd3 Bxd3 21. Re1 c4 22. e4 Rad8 23. f3 Qa5 24. Nb1 Bxb1 25. Rxb1 Qxc3 26. Rxb7 Bd4+ 27. Kg2 Rb8 28. Rxb8 Rxb8 29. Re2 Rb2 30. Bxd6 Qd3 31. Qxd3 cxd3 32. Rxb2 Bxb2 33. Bb4 Bc1 34. Kf2 Bf4 35. Ke1 Kg7 36. Bc3+ Kg6 37. e5 Kg5 38. d6 d2+ 39. Bxd2 Bxd2+ 40. Kxd2 1-0

[Event "GER-ch Net blitz qual4"]
[Site "Playchess.com INT"]
[Date "2020.03.23"]
[Round "9"]
[White "Ullmann, Ralf"]
[Black "Scholz, Florian"]
[Result "1-0"]
[WhiteElo "1768"]
[BlackElo "1799"]
[PlyCount "93"]
[EventDate "2020.03.23"]
[EventType "swiss (blitz)"]
[EventRounds "9"]
[EventCountry "GER"]
[SourceTitle "CBM 195 Extra"]
[Source "ChessBase"]
[SourceDate "2020.05.31"]
[SourceVersion "1"]
[SourceVersionDate "2020.05.31"]
[SourceQuality "1"]

1. e4 e5 2. Nf3 Nf6 3. Nxe5 d6 4. Nc4 Nxe4 5. Nc3 Bf5 6. d4 d5 7. Ne3 Be6 8. Bd3 Bb4 9. Bd2 Nxd2 10. Qxd2 Nc6 11. a3 Ba5 12. Be2 Bb6 13. 0-0 Nxd4 14. Na4 Nxe2+ 15. Qxe2 Bxe3 16. Qxe3 0-0 17. Nc5 Qc8 18. Rfe1 Re8 19. Qg3 c6 20. Re3 b6 21. Nd3 Bf5 22. c3 Bxd3 23. Rxd3 Qf5 24. Rf3 Qe5 25. Qxe5 Rxe5 26. h4 Re2 27. b3 Rae8 28. c4 dxc4 29. bxc4 Re1+ 30. Rxe1 Rxe1+ 31. Kh2 Rc1 32. Rf4 Rc3 33. a4 h6 34. g3 f6 35. Kg2 Kf7 36. Re4 Ra3 37. c5 bxc5 38. Rc4 Ke6 39. Rxc5 Kd6 40. Ra5 g5 41. Rxa7 c5 42. Ra6+ Ke5 43. Rc6 Rc3 44. a5 gxh4 45. gxh4 h5 46. Rxc5+ Kd6 47. Rxc3 1-0